000 00593nam a2200217Ia 4500
003 OSt
005 20220928145214.0
006 a|||||r|||| 00| 0
007 ta
008 220927b |||||||| |||| 00| 0 eng d
024 _a79432
037 _cTextual
040 _aSDCL
_cSDCL
_beng
041 _2eng
_aeng
082 _aX:5171, P3
100 _aDijulius III John R
_9512109
245 0 _aSecret service
_b Hidden systems that deliver unforgettable customer service.
260 _c2003
942 _hX:5171, P3
_cTEXL
_2CC
999 _c832520
_d832520